| 000 | 00444cam a2200181ua 4500 | ||
|---|---|---|---|
| 020 | _c2.50 | ||
| 041 |
_ahin _h |
||
| 082 |
_a891.54 _bBHA/MA |
||
| 100 | _aBhageerat Prasad, Dikshit . | ||
| 245 |
_aMahakavi bhushan / _cBhageerat prasad dheekshit. _hTextual Documents |
||
| 250 |
_a1 / _b. |
||
| 260 |
_aAgra : _bSahitya Bhawan , _c1953. |
||
| 300 | _a191 ; . | ||
| 365 | _a2.50 | ||
| 504 | _a | ||
| 942 | _cBK | ||
| 999 |
_c8301 _d8301 |
||